| 000 | 00364pab a2200157 454500 | ||
|---|---|---|---|
| 008 | 180718b2006 xxu||||| |||| 00| 0 eng d | ||
| 100 | _aSharma, Sheetal | ||
| 245 | _aDo we have enough jobs? | ||
| 260 | _c2006 | ||
| 300 | _ap.17-21. | ||
| 362 | _a18 Sep | ||
| 650 | _aEmployment - India | ||
| 650 | _aEmployment | ||
| 773 | _aUniversity News | ||
| 909 | _a71602 | ||
| 999 |
_c71602 _d71602 |
||